Islamic concepts of human rights / (Record no. 57002)
[ view plain ]
| 000 -LEADER | |
|---|---|
| fixed length control field | 00764nam a2200253 a 4500 |
| 001 - CONTROL NUMBER | |
| control field | 57002 |
| 003 - CONTROL NUMBER IDENTIFIER | |
| rucl marc code | BD-RjUL |
| 005 - DATE AND TIME OF LATEST TRANSACTION | |
| control field | 20211209080446.0 |
| 008 - FIXED-LENGTH DATA ELEMENTS--GENERAL INFORMATION | |
| fixed length control field | 161205s2004 ii gb 000 0 eng d |
| 020 ## - INTERNATIONAL STANDARD BOOK NUMBER | |
| International Standard Book Number | 8175411953 |
| 035 ## - SYSTEM CONTROL NUMBER | |
| System control number | (BD-RjUL)57126 |
| 040 ## - CATALOGING SOURCE | |
| Original cataloging agency | PIT |
| Transcribing agency | PIT |
| Language of cataloging | eng |
| Modifying agency | BD-RjUL |
| 041 1# - LANGUAGE CODE | |
| Language code of text/sound track or separate title | eng |
| Language code of original | ara |
| 082 ## - DEWEY DECIMAL CLASSIFICATION NUMBER | |
| Edition number | 23 |
| Classification number | 297.272 |
| Author mark and year | ASI 2004 |
| 100 1# - MAIN ENTRY--PERSONAL NAME | |
| Personal name | Assheha, Abdul Rahman. |
| 9 (RLIN) | 169391 |
| 245 10 - TITLE STATEMENT | |
| Title | Islamic concepts of human rights / |
| Statement of responsibility, etc. | Abdur Rahman Assheha. |
| 260 ## - PUBLICATION, DISTRIBUTION, ETC. (IMPRINT) | |
| Place of publication, distribution, etc. | Delhi, India : |
| Name of publisher, distributor, etc. | Shipra Publications , |
| Date of publication, distribution, etc. | 2004. |
| 300 ## - PHYSICAL DESCRIPTION | |
| Pagination | 149 p. ; |
| Size | 23 cm. |
| 500 ## - GENERAL NOTE | |
| General note | Translated from Arabic. |
| 504 ## - BIBLIOGRAPHY, ETC. NOTE | |
| Bibliography, etc | Includes bibliographic references. |
| 650 #0 - SUBJECT ADDED ENTRY--TOPICAL TERM | |
| Topical term or geographic name as entry element | Human rights |
| General subdivision | Religious aspects |
| -- | Islam. |
| 9 (RLIN) | 169392 |
| 942 ## - ADDED ENTRY ELEMENTS (KOHA) | |
| Source of classification or shelving scheme | Dewey Decimal Classification |
| Koha item type | Books |
| Lost status | Source of classification or shelving scheme | Damaged status | Not for loan | Collection code | Permanent Location | Current Location | Shelving location | Date acquired | Source of acquisition | Cost, normal purchase price | Total Checkouts | Full call number | Date last seen | Copy number | Koha item type |
|---|---|---|---|---|---|---|---|---|---|---|---|---|---|---|---|
| Dewey Decimal Classification | Not For Loan | Non-fiction | Central Library, University of Rajshahi | Central Library, University of Rajshahi | Reading Room | 13/10/2009 | Dhaka paragon enterprises ltd. | 681.60 | 297.272 ASI 2004 | 05/12/2016 | C-1 | Books |